000 00553nam a2200193Ia 4500
003 GCL
008 140319s9999 xx 000 0 ara d
040 _aGCL /
_cGCL
082 0 4 _a811.009
_bم ا
100 1 _aماجد الصايغ
245 1 0 _aالاصمعى دراسة وتحليل /
_cماجد الصايغ
260 _a[S.N] :
_bدار الفكر اللبنانى ،
_c1990
300 _a205 ص
490 _a
650 0 4 _aالشعر العربى
650 0 4 _aالادب العربى
650 0 4 _aتاريخ ونقد
942 _2ddc
_cBK
999 _c45916
_d45916